[Event "British Rapidplay"]
[Site "Peterborough"]
[Date "2025.03.01"]
[Round "2"]
[White "Fearnhead, Benjamin"]
[Black "Patel, Ananya"]
[Result "1-0"]
[WhiteElo "1881"]
[BlackElo "1531"]
[PlyCount "31"]
[EventDate "2025.03.01"]
[EventType "swiss (rapid)"]
[EventRounds "11"]
[EventCountry "ENG"]
[SourceTitle "CB10_2025"]
[SourceDate "2025.03.05"]
[SourceVersion "1"]
[SourceVersionDate "2025.03.05"]
[SourceQuality "1"]

1. Nc3 c6 2. e4 d5 3. Qf3 dxe4 4. Nxe4 Be6 5. Ne2 Nf6 6. Nf4 Bf5 7. Nxf6+ exf6 8. Bc4 Be7 9. Nh5 Bg6 10. Nxg7+ Kf8 11. Nf5 Bc5 12. 0-0 Nd7 13. d4 Bb6 14. Bh6+ Kg8 15. Rfe1 Nf8 16. Ne7+ 1-0

[Event "Leamington Spa 4NCL op-B 28th"]
[Site "Leamington Spa"]
[Date "2022.07.10"]
[Round "4"]
[White "Fearnhead, Benjamin"]
[Black "Ajimal, Jet"]
[Result "1-0"]
[WhiteElo "1876"]
[BlackElo "1627"]
[PlyCount "51"]
[EventDate "2022.07.08"]
[EventType "swiss"]
[EventRounds "5"]
[EventCountry "ENG"]
[SourceTitle "CBM 209 Extra"]
[Source "ChessBase"]
[SourceDate "2022.09.30"]
[SourceVersion "1"]
[SourceVersionDate "2022.09.30"]
[SourceQuality "1"]

1. e4 e5 2. Nf3 Nc6 3. Bc4 Be7 4. d4 exd4 5. c3 d6 6. cxd4 Nf6 7. Nc3 0-0 8. h3 b6 9. 0-0 Bb7 10. Re1 a5 11. Bf4 h6 12. d5 Nb8 13. Nd4 Nfd7 14. Nf5 Bg5 15. Bh2 Ne5 16. Bb3 Bf6 17. f4 Ng6 18. e5 dxe5 19. fxe5 Be7 20. e6 fxe6 21. Nxe7+ Qxe7 22. Rxe6 Qc5+ 23. Kh1 Nh4 24. Qg4 Qf2 25. Rxh6 Nf5 26. d6+ 1-0

[Event "Leamington Spa 4NCL op-B 28th"]
[Site "Leamington Spa"]
[Date "2022.07.09"]
[Round "2"]
[White "Fearnhead, Benjamin"]
[Black "Freund, Michael P"]
[Result "1/2-1/2"]
[WhiteElo "1876"]
[BlackElo "1759"]
[PlyCount "59"]
[EventDate "2022.07.08"]
[EventType "swiss"]
[EventRounds "5"]
[EventCountry "ENG"]
[SourceTitle "CBM 209 Extra"]
[Source "ChessBase"]
[SourceDate "2022.09.30"]
[SourceVersion "1"]
[SourceVersionDate "2022.09.30"]
[SourceQuality "1"]

1. e4 e6 2. d4 d5 3. Nc3 dxe4 4. Nxe4 Bd7 5. Nf3 Bc6 6. Neg5 Nd7 7. Nxf7 Kxf7 8. Ng5+ Ke8 9. Bd3 Qf6 10. 0-0 Be7 11. Re1 Nf8 12. Qg4 Nh6 13. Qh5+ Kd8 14. Qh3 Nf7 15. Nxe6+ Nxe6 16. Rxe6 Ng5 17. Bxg5 Qxg5 18. Re5 Qh4 19. Qe6 Bd6 20. Rd1 Qe7 21. Qh3 Bxe5 22. dxe5 Ke8 23. Bxh7 Rxh7 24. Qxh7 Kf7 25. Qf5+ Kg8 26. Rd3 Rd8 27. b3 Rxd3 28. cxd3 Bd7 29. Qe4 Bc6 30. Qf5 1/2-1/2